[Event "NW Regional Scholastic Championships"]
[Site "Chess.com"]
[Date "2020.05.16"]
[Round "?"]
[White "wjkang"]
[Black "Minaivanovic"]
[Result "0-1"]
[WhiteElo "975"]
[BlackElo "1115"]
[PlyCount "50"]
[EventDate "2020.??.??"]

1. e4 c5 2. Nf3 Nc6 3. Bc4 g6 4. Nc3 Bg7 5. d3 d6 6. Be3 Nf6 7. h3 O-O 8. Qd2
Bd7 9. Bh6 a6 10. O-O-O b5 11. Bd5 b4 12. Na4 Nxd5 13. exd5 Ne5 14. b3 Bxa4 15.
bxa4 c4 16. Nxe5 c3 17. Qe3 dxe5 18. Bxg7 Kxg7 19. Qxe5+ Kg8 20. h4 h5 21. f3
Qd7 22. a5 Qa4 23. Kb1 Qa3 24. Qxc3 bxc3 25. Ka1 Qb2# 0-1

[Event "NW Regional Scholastic Championships"]
[Site "Chess.com"]
[Date "2020.05.16"]
[Round "?"]
[White "Kaysangodman"]
[Black "lucag2010"]
[Result "0-1"]
[WhiteElo "1200"]
[BlackElo "1135"]
[PlyCount "40"]
[EventDate "2020.??.??"]

1. e4 e5 2. Nf3 Nc6 3. Bc4 Be7 4. Nc3 Nf6 5. d3 O-O 6. Bg5 d6 7. O-O Bg4 8. h3
Bh5 9. Nd5 Nxd5 10. Bxd5 Bxg5 11. g4 Bg6 12. Nxg5 Qxg5 13. f3 Rab8 14. Rb1 h5
15. Qc1 Qh4 16. Kg2 Nd4 17. c3 Ne6 18. Qe1 Nf4+ 19. Kh2 Qxh3+ 20. Kg1 Qg2# 0-1

[Event "NW Regional Scholastic Championships"]
[Site "Chess.com"]
[Date "2020.05.16"]
[Round "?"]
[White "ChessAlliance"]
[Black "Playdohqueen"]
[Result "1-0"]
[WhiteElo "1362"]
[BlackElo "1111"]
[PlyCount "49"]
[EventDate "2020.??.??"]

1. c4 e5 2. Nc3 Nf6 3. g3 Nc6 4. Bg2 Bc5 5. e3 O-O 6. Nge2 d6 7. O-O Bg4 8. Rb1
Qd7 9. Re1 Rfe8 10. a3 a6 11. b4 Ba7 12. Bb2 Rad8 13. Qa4 Rb8 14. b5 axb5 15.
cxb5 Ne7 16. d4 exd4 17. Nxd4 Ra8 18. Bxb7 Rab8 19. Qxa7 c5 20. Nc6 Rxb7 21.
Qa4 Rc8 22. Nxe7+ Qxe7 23. Nd5 Nxd5 24. Qxg4 Rxb5 25. Qxg7# 1-0

[Event "NW Regional Scholastic Championships"]
[Site "Chess.com"]
[Date "2020.05.16"]
[Round "?"]
[White "AlexaBattleAngel"]
[Black "Playdohqueen"]
[Result "1-0"]
[WhiteElo "1146"]
[BlackElo "1111"]
[PlyCount "123"]
[EventDate "2020.??.??"]

1. Nf3 d5 2. d4 Nc6 3. g3 Bf5 4. Bg2 Nf6 5. Bd2 e6 6. O-O Bd6 7. Re1 O-O 8. a3
Re8 9. Bc3 e5 10. dxe5 Nxe5 11. Nxe5 Bxe5 12. Bxe5 Rxe5 13. Nc3 c6 14. Qd4 Re6
15. f3 Rc8 16. e4 c5 17. Qd3 c4 18. Qd4 dxe4 19. Qxd8+ Rxd8 20. fxe4 Nxe4 21.
Nxe4 Bxe4 22. Rxe4 Ree8 23. Rae1 Rxe4 24. Rxe4 Rd1+ 25. Bf1 h6 26. Rxc4 b5 27.
Rc8+ Kh7 28. c4 a6 29. c5 f5 30. Ra8 Rd7 31. Rxa6 g5 32. Bxb5 Re7 33. c6 f4 34.
gxf4 gxf4 35. Kf2 Rf7 36. Bd3+ Kg7 37. Kf3 h5 38. h4 Rc7 39. Kxf4 Kf6 40. Ra5
Rxc6 41. Rf5+ Kg7 42. Rxh5 Rh6 43. Rxh6 Kxh6 44. Bh7 Kxh7 45. b4 Kg7 46. h5 Kh6
47. b5 Kxh5 48. b6 Kg6 49. b7 Kf7 50. b8=R Ke6 51. Rd8 Kf6 52. a4 Ke6 53. a5
Ke7 54. Rd1 Ke6 55. a6 Ke7 56. a7 Ke6 57. a8=R Kf6 58. Ke4 Ke6 59. Re8+ Kf6 60.
Rf1+ Kg5 61. Rg8+ Kh4 62. Rh1# 1-0

[Event "NW Regional Scholastic Championships"]
[Site "Chess.com"]
[Date "2020.05.16"]
[Round "?"]
[White "littleMr"]
[Black "caldon46"]
[Result "0-1"]
[WhiteElo "1050"]
[BlackElo "1200"]
[PlyCount "94"]
[EventDate "2020.??.??"]

1. e4 c5 2. Nf3 d6 3. Nc3 Nc6 4. Bc4 g6 5. O-O Bg7 6. h3 Nf6 7. d3 O-O 8. Be3
e6 9. Qd2 d5 10. exd5 exd5 11. Bb3 d4 12. Bxd4 cxd4 13. Ne2 a6 14. c3 dxc3 15.
Nxc3 b5 16. Rfe1 Bb7 17. a3 Re8 18. Rxe8+ Qxe8 19. Re1 Qd7 20. Ng5 Rf8 21. Nf3
Na5 22. Bc2 Bxf3 23. gxf3 Qc6 24. Kg2 Nb7 25. Qg5 Nd6 26. Bb3 h6 27. Qg3 Nf5
28. Qf4 Re8 29. Rxe8+ Qxe8 30. Ne4 Qc6 31. Nxf6+ Bxf6 32. Qb8+ Kg7 33. Qa7 Nh4+
34. Kf1 Qc1+ 35. Ke2 Qxb2+ 36. Bc2 Qxc2+ 37. Ke3 Ng2+ 38. Ke4 Qe2+ 39. Kd5 Qe5+
40. Kc6 Qc3+ 41. Kb6 Bd4+ 42. Kxa6 Bxa7 43. Kxa7 Qc6 44. Kb8 Nf4 45. Ka7 Ne6
46. Kb8 Nc5 47. Ka7 Qb7# 0-1

[Event "NW Regional Scholastic Championships"]
[Site "Chess.com"]
[Date "2020.05.16"]
[Round "?"]
[White "littleMr"]
[Black "dkuo2"]
[Result "0-1"]
[WhiteElo "1050"]
[BlackElo "816"]
[PlyCount "78"]
[EventDate "2020.??.??"]

1. e4 e5 2. Nf3 Nc6 3. Nc3 Nf6 4. Bc4 Nxe4 5. Nxe4 d5 6. Bxd5 Qxd5 7. Nc3 Qd8
8. O-O Bf5 9. h3 Bb4 10. a3 Bxc3 11. dxc3 Qxd1 12. Rxd1 O-O 13. Re1 f6 14. Re2
Rad8 15. Re1 Bxc2 16. Be3 Bg6 17. Rad1 Rxd1 18. Rxd1 Bh5 19. g4 Bg6 20. Rd2 Be4
21. Kg2 Bxf3+ 22. Kxf3 Kf7 23. Kg3 a6 24. Bc5 Rd8 25. Re2 Rd3+ 26. f3 b6 27.
Be3 Ke6 28. b4 a5 29. bxa5 Nxa5 30. Bd2 Nc4 31. Bc1 Rxc3 32. Re1 Nxa3 33. Bxa3
Rxa3 34. Rc1 c5 35. Rb1 e4 36. Rxb6+ Ke5 37. Rb5 Rxf3+ 38. Kh4 g5+ 39. Kh5
Rxh3# 0-1

[Event "NW Regional Scholastic Championships"]
[Site "Chess.com"]
[Date "2020.05.16"]
[Round "?"]
[White "tattvache"]
[Black "littleMr"]
[Result "0-1"]
[WhiteElo "989"]
[BlackElo "1050"]
[PlyCount "118"]
[EventDate "2020.??.??"]

1. e4 Nc6 2. Nf3 Nf6 3. Nc3 e5 4. Bc4 h6 5. d3 d6 6. Be3 Bd7 7. Nd5 Nxd5 8.
Bxd5 Be7 9. Bxc6 Bxc6 10. O-O O-O 11. Qd2 Bf6 12. a4 a6 13. b4 Bd7 14. c3 Bg4
15. Qe2 Bxf3 16. Qxf3 Qe7 17. b5 axb5 18. axb5 Rxa1 19. Rxa1 Qe6 20. b6 cxb6
21. Bxb6 Qb3 22. Bc7 Qxc3 23. Rd1 Qxc7 24. h3 Bg5 25. d4 exd4 26. Rxd4 Qc1+ 27.
Rd1 Qc6 28. Rd5 Re8 29. Qf5 Qc1+ 30. Kh2 Qf4+ 31. Qxf4 Bxf4+ 32. Kg1 Rxe4 33.
f3 Re1+ 34. Kf2 Re7 35. Rb5 Be5 36. g3 f6 37. f4 Bd4+ 38. Kf3 Re3+ 39. Kg2 Re2+
40. Kf3 Re7 41. Rd5 Bc5 42. h4 g6 43. g4 Kg7 44. Kg3 Re3+ 45. Kf2 Rd3+ 46. Ke2
Rxd5 47. Kf3 b5 48. Ke4 Rd4+ 49. Kf3 b4 50. f5 gxf5 51. gxf5 b3 52. h5 b2 53.
Ke3 b1=Q 54. Kf3 Qf1+ 55. Ke3 Qe1+ 56. Kf3 Re4 57. Kg2 Rf4 58. Kh2 Qf2+ 59. Kh3
Rh4# 0-1

[Event "NW Regional Scholastic Championships"]
[Site "Chess.com"]
[Date "2020.05.16"]
[Round "?"]
[White "littleMr"]
[Black "HermioneGranger100"]
[Result "1-0"]
[WhiteElo "1050"]
[BlackElo "1000"]
[PlyCount "57"]
[EventDate "2020.??.??"]

1. e4 d5 2. exd5 Nf6 3. Nc3 Nxd5 4. Nxd5 Qxd5 5. Nf3 Nc6 6. b3 e5 7. Bc4 Qe4+
8. Be2 Nd4 9. Nxd4 exd4 10. d3 Qc6 11. O-O b6 12. Bf3 Qc3 13. Bd2 Qc5 14. Bxa8
c6 15. Re1+ Be7 16. a3 Be6 17. Bb4 Qd5 18. Bxc6+ Qxc6 19. Bxe7 Kxe7 20. Qd2 Rc8
21. Qb4+ Ke8 22. Qxd4 Qxc2 23. Qa4+ Kd8 24. h3 Bxb3 25. Qd4+ Kc7 26. Re7+ Kb8
27. Qf4+ Ka8 28. Qe4+ Kb8 29. Qb7# 1-0

[Event "NW Regional Scholastic Championships"]
[Site "Chess.com"]
[Date "2020.05.16"]
[Round "?"]
[White "advaitwahi"]
[Black "HermioneGranger100"]
[Result "0-1"]
[WhiteElo "1200"]
[BlackElo "1000"]
[PlyCount "118"]
[EventDate "2020.??.??"]

1. e4 d5 2. Nf3 dxe4 3. Ng5 Nf6 4. d3 exd3 5. Bxd3 h6 6. Nxf7 Qd5 7. Bg6 Qxd1+
8. Kxd1 Rg8 9. Nxh6+ Kd8 10. Nxg8 Nxg8 11. Ke2 b6 12. Rd1+ Nd7 13. Be4 Rb8 14.
Bf5 Ngf6 15. Bg5 Ke8 16. Bg6+ Kd8 17. Nc3 Bb7 18. Bxf6 exf6 19. Bf5 Bc6 20. Rd2
Ke8 21. Bg6+ Ke7 22. Ke1 Ne5 23. Bf5 Bxg2 24. f4 Nf3+ 25. Ke2 Nxd2 26. Kxd2 Bb7
27. Re1+ Kf7 28. Nb5 Rd8+ 29. Kc1 Bd6 30. Nxd6+ Rxd6 31. Bd3 Rd4 32. Bb5 Rxf4
33. Be8+ Kf8 34. Ba4 Rxa4 35. Rd1 Ke7 36. a3 Rh4 37. Re1+ Kf7 38. Rd1 Ke8 39.
Re1+ Kd8 40. Rd1+ Kc8 41. Re1 Rxh2 42. Re8+ Kd7 43. Re1 Rh1 44. Rxh1 Bxh1 45.
Kd2 Kd6 46. c3 g5 47. Ke2 Ke6 48. Kf2 Kf5 49. Kg3 Bd5 50. b4 Bc4 51. Kf3 Bb5
52. Kg3 Ke4 53. Kf2 Kd3 54. Kf3 f5 55. Kg3 Kxc3 56. Kf3 Kb3 57. Kg3 Kxa3 58.
Kf3 Kxb4 59. Kg3 a5 0-1

[Event "NW Regional Scholastic Championships"]
[Site "Chess.com"]
[Date "2020.05.16"]
[Round "?"]
[White "supersam777"]
[Black "advaitwahi"]
[Result "0-1"]
[WhiteElo "1374"]
[BlackElo "1200"]
[PlyCount "40"]
[EventDate "2020.??.??"]

1. e4 e6 2. d4 d5 3. e5 c5 4. Nf3 cxd4 5. Nxd4 Ne7 6. Nc3 Nbc6 7. Nxc6 Nxc6 8.
Bf4 Bd7 9. Bd3 a6 10. O-O h5 11. Re1 g5 12. Bd2 Be7 13. Be2 Qc7 14. Bxh5 Nxe5
15. Qe2 Bf6 16. Bf3 Nxf3+ 17. Qxf3 Qxh2+ 18. Kf1 Bxc3 19. Bxc3 Bb5+ 20. Re2
Qh1# 0-1

[Event "NW Regional Scholastic Championships"]
[Site "Chess.com"]
[Date "2020.05.16"]
[Round "?"]
[White "gautham2010"]
[Black "advaitwahi"]
[Result "0-1"]
[WhiteElo "1000"]
[BlackElo "1200"]
[PlyCount "42"]
[EventDate "2020.??.??"]

1. e4 e6 2. Nf3 d5 3. exd5 exd5 4. Nc3 d4 5. Qe2+ Be7 6. Ne4 Nc6 7. c3 Be6 8.
Qd3 Nf6 9. Nxd4 Nxd4 10. Qxd4 Qxd4 11. Nxf6+ Qxf6 12. d4 Bxa2 13. Rxa2 Qe6+ 14.
Be2 Qxa2 15. O-O c5 16. dxc5 Bxc5 17. Re1 O-O 18. Bf3 Qb3 19. Re5 Qc2 20. Bf4
Qxf2+ 21. Kh1 Qf1# 0-1

[Event "NW Regional Scholastic Championships"]
[Site "Chess.com"]
[Date "2020.05.16"]
[Round "?"]
[White "sharvee"]
[Black "thedarknist"]
[Result "1-0"]
[WhiteElo "1253"]
[BlackElo "800"]
[PlyCount "57"]
[EventDate "2020.??.??"]

1. e4 e5 2. Nf3 Nc6 3. Nc3 Nf6 4. Be2 Bb4 5. a3 Bxc3 6. dxc3 d6 7. Bd3 Bg4 8.
O-O Bxf3 9. Qxf3 O-O 10. Bg5 h6 11. Bxf6 gxf6 12. Qg4+ Kh8 13. Qh5 Kh7 14. f4
Qe7 15. Rf3 Rg8 16. Rh3 Rg6 17. f5 Kg7 18. fxg6 fxg6 19. Qxh6+ Kf7 20. Bc4+ d5
21. exd5 Qc5+ 22. Kh1 Qxc4 23. dxc6 Qxc6 24. Qh7+ Ke6 25. Qxg6 Rf8 26. Qg4+ Ke7
27. Rh7+ Kd6 28. Rd1+ Kc5 29. Qb4# 1-0

[Event "NW Regional Scholastic Championships"]
[Site "Chess.com"]
[Date "2020.05.16"]
[Round "?"]
[White "thedarknist"]
[Black "vihan8110610"]
[Result "0-1"]
[WhiteElo "800"]
[BlackElo "1135"]
[PlyCount "120"]
[EventDate "2020.??.??"]

1. e4 c5 2. Nc3 e6 3. Nf3 Nc6 4. a3 Nf6 5. h3 e5 6. Bc4 h6 7. d3 a6 8. Be3 b5
9. Bb3 Nd4 10. Bxd4 cxd4 11. Ne2 d6 12. O-O Be7 13. Ng3 O-O 14. c3 dxc3 15.
bxc3 Bd7 16. c4 Rc8 17. cxb5 Bxb5 18. a4 Bd7 19. Bc4 a5 20. Ba6 Rc7 21. Qd2 Ra7
22. Bc4 Qc7 23. Rfc1 Qd8 24. Bb5 d5 25. Nxe5 Bb4 26. Qe3 Rb7 27. Ba6 Rc7 28.
Rxc7 Qxc7 29. Nf3 dxe4 30. dxe4 Re8 31. Bb5 Nd5 32. Qd3 Nb6 33. Bxd7 Nxd7 34.
Nf5 Ne5 35. Nxe5 Qxe5 36. Qd5 Qxa1+ 37. Kh2 Qe5+ 38. Qxe5 Rxe5 39. f3 Rc5 40.
Ne7+ Kh7 41. f4 Rc4 42. Nd5 Rxe4 43. Nb6 Rxf4 44. Nd5 Rd4 45. Ne3 Bd2 46. Nf5
Rxa4 47. Ne7 Rb4 48. Nc6 Rb5 49. g3 a4 50. Nd4 Rd5 51. Nc2 Rc5 52. Nd4 a3 53.
Nb3 Rb5 54. Nxd2 a2 55. g4 a1=Q 56. h4 Rb2 57. Kg3 Rxd2 58. g5 Qc3+ 59. Kf4
Rd4+ 60. Ke5 Qc5# 0-1

[Event "NW Regional Scholastic Championships"]
[Site "Chess.com"]
[Date "2020.05.16"]
[Round "?"]
[White "Sebastianbooks"]
[Black "vihan8110610"]
[Result "0-1"]
[WhiteElo "800"]
[BlackElo "1135"]
[PlyCount "51"]
[EventDate "2020.??.??"]

1. e4 c5 2. Bb5 a6 3. Bc4 b5 4. Bd5 Nc6 5. Qh5 g6 6. Qf3 e6 7. Bxc6 dxc6 8. d3
Nf6 9. Nc3 Bg7 10. Bg5 e5 11. O-O-O O-O 12. Nh3 Bg4 13. Qe3 Bxd1 14. Rxd1 Qd4
15. Bh6 Qxe3+ 16. Bxe3 c4 17. Bc5 Rfd8 18. dxc4 Rxd1+ 19. Nxd1 Nxe4 20. Be7 Re8
21. Bg5 Nxg5 22. Nxg5 Bh6 23. h4 f6 24. Ne3 fxg5 25. hxg5 Bxg5 26. Kb1 0-1

[Event "NW Regional Scholastic Championships"]
[Site "Chess.com"]
[Date "2020.05.16"]
[Round "?"]
[White "Playdohqueen"]
[Black "Sebastianbooks"]
[Result "1-0"]
[WhiteElo "1111"]
[BlackElo "800"]
[PlyCount "23"]
[EventDate "2020.??.??"]

1. e4 d5 2. exd5 Nf6 3. Nc3 e6 4. Bc4 exd5 5. Bb3 Qe7+ 6. Nge2 d4 7. Nd5 Nc6 8.
Nxf6+ Qxf6 9. O-O Bd6 10. d3 Qe5 11. Bf4 Qg5 12. Bxg5 1-0

[Event "NW Regional Scholastic Championships"]
[Site "Chess.com"]
[Date "2020.05.16"]
[Round "?"]
[White "Minaivanovic"]
[Black "yelloween"]
[Result "1-0"]
[WhiteElo "1115"]
[BlackElo "1090"]
[PlyCount "99"]
[EventDate "2020.??.??"]

1. c4 e5 2. Nc3 Nf6 3. g3 Nc6 4. Bg2 Bc5 5. d3 d6 6. Nf3 O-O 7. O-O Be6 8. Bg5
h6 9. Bd2 Qd7 10. Re1 Bh3 11. a3 Bf5 12. Nd5 Nxd5 13. cxd5 Ne7 14. b4 Bb6 15.
Bc3 Nxd5 16. Bd2 Nf6 17. Bc3 Nd5 18. Bb2 Nf6 19. Qd2 Rfe8 20. Bc3 Rab8 21. a4
a6 22. a5 Ba7 23. Qd1 Re6 24. Nh4 Re7 25. Nxf5 Qxf5 26. Rf1 Qh5 27. Bf3 Ng4 28.
h4 Qg6 29. e3 Nf6 30. h5 Qg5 31. e4 c6 32. Bd2 Bd4 33. Bxg5 Bxa1 34. Bxf6 gxf6
35. Qxa1 Kh8 36. Qc1 Kh7 37. Qd1 Rg8 38. d4 f5 39. dxe5 dxe5 40. Re1 f6 41.
exf5 Reg7 42. Qd6 Kh8 43. Qxf6 Kh7 44. Rxe5 Kh8 45. Qxh6+ Rh7 46. Qf6+ Rhg7 47.
Re4 Kh7 48. Re7 Kh8 49. Qh6+ Rh7 50. Qxh7# 1-0

[Event "NW Regional Scholastic Championships"]
[Site "Chess.com"]
[Date "2020.05.16"]
[Round "?"]
[White "yelloween"]
[Black "gautham2010"]
[Result "1-0"]
[WhiteElo "1090"]
[BlackElo "1000"]
[PlyCount "97"]
[EventDate "2020.??.??"]

1. d4 d5 2. c4 c6 3. Nc3 Nf6 4. Nf3 b6 5. Bf4 Bb7 6. e3 e6 7. Bd3 Bd6 8. Bxd6
Qxd6 9. O-O O-O 10. Bc2 Qd8 11. Qd3 Nbd7 12. Ne2 Qe7 13. Ng3 Rfc8 14. Rfe1 Qb4
15. Rab1 Qxc4 16. Qxc4 dxc4 17. b3 b5 18. Nd2 Rab8 19. bxc4 bxc4 20. Nxc4 Ba6
21. Nd6 Rxb1 22. Rxb1 Rd8 23. Nb7 Bxb7 24. Rxb7 Rb8 25. Rxa7 g6 26. h3 Kg7 27.
Ne4 Nxe4 28. Bxe4 c5 29. Rxd7 cxd4 30. exd4 Rb2 31. a4 Ra2 32. Ra7 Ra1+ 33. Kh2
Re1 34. Bc6 Rd1 35. a5 Rxd4 36. a6 e5 37. Ra8 Rd6 38. Bf3 Re6 39. a7 e4 40.
Bxe4 Rxe4 41. Rg8+ Kxg8 42. a8=Q+ Kg7 43. Qxe4 f5 44. Qe7+ Kg8 45. Kg3 Kh8 46.
Kf4 Kg8 47. Ke5 Kh8 48. Kf6 g5 49. Qg7# 1-0

[Event "NW Regional Scholastic Championships"]
[Site "Chess.com"]
[Date "2020.05.16"]
[Round "?"]
[White "exoticmagnet1"]
[Black "yelloween"]
[Result "0-1"]
[WhiteElo "731"]
[BlackElo "1090"]
[PlyCount "42"]
[EventDate "2020.??.??"]

1. e4 c5 2. Nf3 Nc6 3. Bc4 e5 4. O-O Nf6 5. Nc3 Be7 6. d3 O-O 7. Bg5 h6 8. Be3
d6 9. Nd5 Nxd5 10. Bxd5 Qd7 11. Qd2 Qg4 12. Qe2 Qg6 13. Rad1 Bh3 14. g3 Bxf1
15. Kxf1 Rab8 16. Bxc6 bxc6 17. b3 Rfe8 18. c3 Bf8 19. d4 cxd4 20. cxd4 Qxe4
21. Nd2 Qh1# 0-1

[Event "NW Regional Scholastic Championships"]
[Site "Chess.com"]
[Date "2020.05.16"]
[Round "?"]
[White "dkuo2"]
[Black "yelloween"]
[Result "1-0"]
[WhiteElo "816"]
[BlackElo "1090"]
[PlyCount "133"]
[EventDate "2020.??.??"]

1. e4 c5 2. Nf3 Nc6 3. Nc3 Nf6 4. Bc4 e5 5. d3 Be7 6. O-O O-O 7. Bg5 h6 8. Bh4
Nh7 9. Bxe7 Qxe7 10. Nd5 Qd8 11. Qd2 Nf6 12. Nxf6+ Qxf6 13. Bb5 d6 14. Bxc6
bxc6 15. c3 Qg6 16. g3 Bh3 17. Rfe1 Qf6 18. Re3 Bg4 19. Kg2 Rfe8 20. d4 cxd4
21. cxd4 exd4 22. Qxd4 c5 23. Qxf6 gxf6 24. Rd1 Rad8 25. Rdd3 Re7 26. h3 Be6
27. a3 Bc4 28. Rc3 Be6 29. Rcd3 Rb7 30. Rd2 c4 31. e5 d5 32. exf6 Kh7 33. Nd4
Bc8 34. Nc6 Rd6 35. Nb4 Rbd7 36. Re5 Bb7 37. Kf3 d4+ 38. Kg4 Kg6 39. Rf5 Rxf6
40. Rxf6+ Kxf6 41. Kf4 a5 42. Nc2 Ke6 43. Rxd4 Rxd4+ 44. Nxd4+ Kf6 45. b3 c3
46. Ke3 Ba6 47. a4 Ke5 48. Nb5 Kd5 49. Kd3 Ke5 50. Kxc3 f5 51. Kd3 f4 52. g4
Kf6 53. Ke4 Kg5 54. Nd6 Kh4 55. Kxf4 Kxh3 56. Nf5 h5 57. gxh5 Kg2 58. h6 Kxf2
59. h7 Ke2 60. h8=Q Kd3 61. Qd4+ Kc2 62. Ne3+ Kxb3 63. Qb6+ Bb5 64. Qxb5+ Ka3
65. Nc2+ Ka2 66. Nd4 Ka3 67. Qb3# 1-0

[Event "NW Regional Scholastic Championships"]
[Site "Chess.com"]
[Date "2020.05.16"]
[Round "?"]
[White "yelloween"]
[Black "janlorenz"]
[Result "1-0"]
[WhiteElo "1090"]
[BlackElo "1085"]
[PlyCount "79"]
[EventDate "2020.??.??"]

1. d4 d5 2. c4 e6 3. Nc3 Nf6 4. Nf3 Bd6 5. c5 Be7 6. Bf4 b6 7. cxb6 axb6 8. e3
O-O 9. Bd3 Ba6 10. Bxa6 Rxa6 11. O-O Nc6 12. h3 Bd6 13. Bxd6 Qxd6 14. Qd3 Nb4
15. Qb1 Nc6 16. a3 Raa8 17. Qd1 b5 18. Nxb5 Qd8 19. Rb1 Rb8 20. Nc3 Re8 21. Re1
e5 22. Qd2 exd4 23. exd4 Rxe1+ 24. Rxe1 Qd7 25. b4 Re8 26. Rxe8+ Qxe8 27. Qf4
Qc8 28. Nh2 Nb8 29. Qf3 Qe6 30. a4 Na6 31. b5 Nb4 32. Qg3 Qe7 33. a5 Nc2 34. a6
Nxd4 35. Qd3 Qc5 36. Nf3 Nxb5 37. Nxb5 Qxb5 38. Qxb5 d4 39. Qb8+ Ne8 40. Qxe8#
1-0

[Event "NW Regional Scholastic Championships"]
[Site "Chess.com"]
[Date "2020.05.16"]
[Round "?"]
[White "R_Jaeger"]
[Black "Aaronyalun"]
[Result "0-1"]
[WhiteElo "1200"]
[BlackElo "1265"]
[PlyCount "130"]
[EventDate "2020.??.??"]

1. e4 e5 2. Bc4 Nc6 3. Nc3 Bc5 4. Qf3 Nf6 5. Qd1 O-O 6. Bd3 d6 7. Qf3 Bg4 8.
Qg3 Be6 9. Bb5 a6 10. Bxc6 bxc6 11. d3 Ng4 12. Nf3 Bxf2+ 13. Kf1 Bxg3 14. hxg3
Nf6 15. Ng5 h6 16. Nf3 Bg4 17. Nh2 Be6 18. Be3 d5 19. Re1 d4 20. Na4 dxe3 21.
Rxe3 Qd4 22. Kf2 Qxa4 23. b3 Qxa2 24. Re2 Qa5 25. Re3 Qd2+ 26. Kf3 Qxc2 27.
Rhe1 Qxb3 28. Rf1 a5 29. Ke2 a4 30. Rf4 exf4 31. gxf4 a3 32. Rf3 a2 33. Rf1
a1=R 34. Rxa1 Qb2+ 35. Ke3 Qxg2 36. Rf1 Qxh2 37. Rf3 Qxf4+ 38. Rxf4 Bd5 39. Rf3
Bxe4 40. dxe4 Ra3+ 41. Kf4 Rxf3+ 42. Kxf3 Nxe4 43. Kxe4 f5+ 44. Ke5 c5 45. Ke6
f4 46. Ke7 Re8+ 47. Kxe8 f3 48. Ke7 f2 49. Ke6 f1=Q 50. Kd5 Qd3+ 51. Kc6 Qa6+
52. Kd7 Qd6+ 53. Kc8 Qd8+ 54. Kb7 Qb8+ 55. Kc6 Qb6+ 56. Kd7 Kf8 57. Kc8 Qd6 58.
Kb7 Ke8 59. Kc8 Qd7+ 60. Kb7 c4 61. Ka6 c3 62. Kb7 c2 63. Ka7 c1=Q 64. Kb7 Qb2+
65. Ka7 Qa4# 0-1

[Event "NW Regional Scholastic Championships"]
[Site "Chess.com"]
[Date "2020.05.16"]
[Round "?"]
[White "R_Jaeger"]
[Black "janlorenz"]
[Result "0-1"]
[WhiteElo "1200"]
[BlackElo "1085"]
[PlyCount "60"]
[EventDate "2020.??.??"]

1. e4 e5 2. Bc4 Nf6 3. Nc3 Bc5 4. h3 O-O 5. d3 c6 6. Qf3 d6 7. Qg3 g6 8. Bd2 a5
9. a4 Bd7 10. Nce2 b5 11. axb5 cxb5 12. Ba2 Nc6 13. Nf3 Nb4 14. Bb3 a4 15. Ba2
Nxc2+ 16. Kd1 Nxa1 17. Ng5 Bc6 18. f4 exf4 19. Qxf4 Nb3 20. Bc3 Kg7 21. e5 dxe5
22. Bxe5 Qxd3+ 23. Ke1 Bb4+ 24. Kf2 Bc5+ 25. Ke1 Be7 26. Bxf6+ Bxf6 27. Rf1
Bxb2 28. Nxf7 Bxg2 29. Rf2 Bc3+ 30. Qd2 Qxd2# 0-1

[Event "NW Regional Scholastic Championships"]
[Site "Chess.com"]
[Date "2020.05.16"]
[Round "?"]
[White "gautham2010"]
[Black "R_Jaeger"]
[Result "1-0"]
[WhiteElo "1000"]
[BlackElo "1200"]
[PlyCount "87"]
[EventDate "2020.??.??"]

1. e4 e5 2. Nf3 Bc5 3. Nxe5 Qf6 4. Nf3 g5 5. Qe2 Nc6 6. Nc3 d5 7. d3 dxe4 8.
dxe4 Nh6 9. Bxg5 Qg6 10. Bxh6 Qxh6 11. Qc4 Qg6 12. Qxc5 Bd7 13. Bb5 b6 14. Bxc6
bxc5 15. Bxd7+ Kxd7 16. Ne5+ Ke7 17. Nxg6+ fxg6 18. O-O-O Rab8 19. Nd5+ Kd6 20.
Nf6+ Ke6 21. Nd7 Rbc8 22. Nxc5+ Ke7 23. Rd7+ Ke8 24. Rhd1 a6 25. Nxa6 c6 26.
Nc7+ Kf8 27. Ne6+ Ke8 28. Ng7+ Kf8 29. Ne6+ Ke8 30. Rd8+ Rxd8 31. Rxd8+ Kf7 32.
Rxh8 g5 33. Nxg5+ Ke7 34. Rxh7+ Kd6 35. f4 Kc5 36. f5 Kb5 37. f6 c5 38. f7 c4
39. f8=Q c3 40. Rb7+ Kc4 41. Rd7 Kb5 42. Qc8 Kb6 43. Rb7+ Ka6 44. Qa8# 1-0

[Event "NW Regional Scholastic Championships"]
[Site "Chess.com"]
[Date "2020.05.16"]
[Round "?"]
[White "gautham2010"]
[Black "majorlock7"]
[Result "0-1"]
[WhiteElo "1000"]
[BlackElo "1029"]
[PlyCount "80"]
[EventDate "2020.??.??"]

1. e4 e5 2. Nf3 Nc6 3. Nc3 Nf6 4. Bc4 Bb4 5. O-O O-O 6. d3 a6 7. Bd2 b5 8. Bd5
Bb7 9. a3 Ba5 10. b4 Bb6 11. Be3 Bxe3 12. fxe3 Qe7 13. a4 bxa4 14. Nxa4 Rac8
15. Nc5 Rb8 16. Nxa6 Bxa6 17. Rxa6 Rxb4 18. Bxc6 dxc6 19. Rxc6 Rd8 20. c3 Rb6
21. Rxb6 cxb6 22. Qb3 Qe6 23. Ng5 Qxb3 24. Nf3 Qxc3 25. Ne1 Qc8 26. h3 b5 27.
Kh2 b4 28. Nf3 Rxd3 29. Nxe5 Rxe3 30. Ng4 b3 31. Nxe3 b2 32. Rb1 Qc1 33. Rxc1
bxc1=Q 34. Nf5 Nxe4 35. Ne7+ Kf8 36. Nf5 Qf4+ 37. g3 Qxf5 38. Kh1 Qf1+ 39. Kh2
Qf2+ 40. Kh1 Nxg3# 0-1

[Event "NW Regional Scholastic Championships"]
[Site "Chess.com"]
[Date "2020.05.16"]
[Round "?"]
[White "majorlock7"]
[Black "Minaivanovic"]
[Result "0-1"]
[WhiteElo "1029"]
[BlackElo "1115"]
[PlyCount "88"]
[EventDate "2020.??.??"]

1. e4 c5 2. Nf3 Nc6 3. Bc4 g6 4. d3 Bg7 5. Nc3 d6 6. Bf4 Nf6 7. Qd2 O-O 8. O-O
Ng4 9. Bh6 Bxh6 10. Qe2 Nf6 11. h3 Bg7 12. Ng5 e5 13. Qf3 Nd7 14. Qg3 Nf6 15.
Qh4 Bd7 16. Nd5 h6 17. Nxf6+ Qxf6 18. Nf3 Qxh4 19. Nxh4 Bf6 20. Nf3 Bg7 21.
Rfe1 Nd4 22. Nd2 Nxc2 23. Nb3 Nxe1 24. Rxe1 b5 25. Bd5 Rab8 26. Re3 Rbc8 27.
Rf3 c4 28. dxc4 bxc4 29. Na5 Rb8 30. Nxc4 Be6 31. Bc6 Bxc4 32. Rc3 Bxa2 33. Rd3
Rxb2 34. Rxd6 Rb6 35. Kf1 Bc4+ 36. Ke1 Bb5 37. Kd2 Bxc6 38. Ke3 Ra8 39. Kd2 a5
40. f3 a4 41. Kc1 a3 42. Rd2 a2 43. Rxa2 Rxa2 44. Kd1 Rb1# 0-1

[Event "NW Regional Scholastic Championships"]
[Site "Chess.com"]
[Date "2020.05.16"]
[Round "?"]
[White "janlorenz"]
[Black "majorlock7"]
[Result "1-0"]
[WhiteElo "1085"]
[BlackElo "1029"]
[PlyCount "23"]
[EventDate "2020.??.??"]

1. e4 e5 2. Nf3 Nc6 3. Bc4 Nf6 4. Ng5 Bc5 5. Nxf7 Qe7 6. Nxh8 Ng4 7. Qxg4 d6 8.
Qd1 Qf8 9. Nf7 Qxf7 10. Bxf7+ Kxf7 11. Qh5+ Kg8 12. Qe8# 1-0

[Event "NW Regional Scholastic Championships"]
[Site "Chess.com"]
[Date "2020.05.16"]
[Round "?"]
[White "majorlock7"]
[Black "exoticmagnet1"]
[Result "1-0"]
[WhiteElo "1029"]
[BlackElo "731"]
[PlyCount "57"]
[EventDate "2020.??.??"]

1. e4 e5 2. Nf3 Nc6 3. Bc4 Nf6 4. Nc3 Bb4 5. d3 O-O 6. O-O b6 7. Ng5 Na5 8. Bb3
Nxb3 9. axb3 Bb7 10. Be3 h6 11. Nf3 Re8 12. Re1 Bd6 13. Qe2 Bc6 14. Rad1 Ng4
15. Nd2 Nxe3 16. Qxe3 Rf8 17. Qg3 g6 18. Qh3 h5 19. Qe3 Bc5 20. Qg3 d6 21. Re3
Bxe3 22. fxe3 Re8 23. Rf1 Re7 24. Nd5 Bxd5 25. exd5 Qe8 26. Ne4 Qc8 27. Qg5 Kf8
28. Qf6 Qe8 29. Qh8# 1-0

[Event "NW Regional Scholastic Championships"]
[Site "Chess.com"]
[Date "2020.05.16"]
[Round "?"]
[White "majorlock7"]
[Black "AidanVH"]
[Result "0-1"]
[WhiteElo "1029"]
[BlackElo "1200"]
[PlyCount "64"]
[EventDate "2020.??.??"]

1. e4 e6 2. Nf3 d5 3. exd5 exd5 4. Qe2+ Be7 5. g3 Nf6 6. Bg2 O-O 7. O-O Re8 8.
Nc3 Bc5 9. Qd3 b6 10. b3 Ba6 11. Nb5 c6 12. c4 cxb5 13. Re1 Nc6 14. cxb5 Nb4
15. Qb1 Bxb5 16. a4 Bd3 17. Rxe8+ Qxe8 18. Qb2 Be4 19. d4 Bd6 20. Qe2 Nc2 21.
Ra2 Nb4 22. Ra1 Rc8 23. Ba3 Nc2 24. Rc1 Nxd4 25. Bxd6 Rxc1+ 26. Bf1 Nxe2+ 27.
Kg2 Bxf3+ 28. Kxf3 Nd4+ 29. Kg2 Qe4+ 30. f3 Qxf3+ 31. Kh3 Qxf1+ 32. Kh4 Nf3#
0-1

[Event "NW Regional Scholastic Championships"]
[Site "Chess.com"]
[Date "2020.05.16"]
[Round "?"]
[White "noahish"]
[Black "JacksonCompton"]
[Result "0-1"]
[WhiteElo "1000"]
[BlackElo "1628"]
[PlyCount "36"]
[EventDate "2020.??.??"]

1. Nf3 Nf6 2. d4 g6 3. Bf4 Bg7 4. e3 O-O 5. Bc4 d5 6. Nc3 dxc4 7. Nb5 Na6 8.
Nxc7 Nxc7 9. Bxc7 Qxc7 10. Qd2 Ne4 11. Qe2 Bg4 12. O-O-O c3 13. bxc3 Nxc3 14.
Qd2 Nxd1 15. Qxd1 Rac8 16. Qd3 Bf5 17. Nh4 Bxd3 18. Nf3 Qxc2# 0-1